Statistiken für Liedtext - Ausgehen - AnnenMayKantereit

Klicken Sie hier um das Quiz zu spielen!

Allgemein

  • Dieses Quiz wurde 193 mal gespielt
  • Das Durchschnittsergebnis liegt bei 158 aus 185

Antwortstatistiken

Liedtext% Korrekt
Ich
100%
ich
100%
ich
100%
ausgehen
97%
du
97%
mit
96%
mir
95%
auch
93%
dich
93%
nach
93%
Haus
92%
heute
92%
bringen
91%
sie
89%
würd
89%
würd
89%
da
87%
weiß
87%
die
86%
es
86%
nicht
86%
so
85%
würdest
85%
auf
84%
hab
82%
mag
82%
aufstehen
80%
früh
80%
musst
80%
trotzdem
80%
willst
80%
Art
79%
genau
78%
glaub
78%
warum
77%
der
76%
gar
76%
gefragt
76%
gerne
76%
und
73%
ihr
71%
dass
70%
ist
70%
deswegen
68%
wenn
68%
am
66%
was
66%
immer
63%
glaube
61%
viele
61%
Welt
61%
gibt
60%
Start
60%
großen
59%
einfach
58%
gefällt
58%
sagt
58%
Zielen
58%
jemand
53%
naja
47%
zum
40%
verdammt
38%
Glück
35%

Verteilung der Resultate

Perzentil nach korrekt beantworteten Fragen

Anzahl Personen mit jedem Resultat

Ihre Resultats-Entwicklung

Sie haben dieses Quiz noch nicht gespielt